00612nam a22001817a 450000500170000001000140001702000260003102000230005703500130008003700130009308200170010610000200012324501150014326000420025827000560030030000240035650000500038020100803100010.0 aENG-97630 a9788172112813c850.00 a8172112815c850.00 aEN-81163 bDBAD/PUB a294.55620973 aMullick, Sunrit aThe first hindu mission to America :bthe pioneering visits of protap chunder mozoomdar /cby Sunrit Mozoomdar aNew DelhibNorthern Book Centrec2010 a4221/1, Ansari Road, Daryaganj,bNew Delhie110 002 ax, 260p.c22cm (Hb) aIncludes bibliographical references and index